|
|
|
|
| LEADER |
00571cam a2200193 a 4500 |
| 001 |
0000053561 |
| 005 |
20010623090000.0 |
| 040 |
|
|
|a mod
|
| 041 |
|
|
|a eng
|
| 020 |
0 |
0 |
|a 0754802671
|
| 090 |
0 |
0 |
|a 747.7
|b BAR
|
| 100 |
1 |
0 |
|a Barker
|h Deborah
|
| 245 |
1 |
0 |
|a Home insprations
|b over 60 decorative projects for every room in the home
|c Deborah Baker
|
| 260 |
0 |
0 |
|a London
|b Lorenz Books
|c 1999
|
| 300 |
0 |
0 |
|a 256p.
|b ill.
|c 25cm
|
| 650 |
0 |
0 |
|a Interior decoration
|
| 650 |
0 |
0 |
|a House furnishings
|
| 852 |
0 |
0 |
|a 01
|
| 999 |
|
|
|a 0183394
|b KEMENTAH
|d BOOKS
|e Umum
|f Perpustakaan KEMENTAH
|j AVAILABLE
|q GOOD CONDITION
|